000 00303nam a2200133Ia 4500
005 20251222144825.0
008 251222s9999||||xx |||||||||||||| ||spa||
020 _a2-85587-163-8
082 _a738.2/N51
100 _aNguyen, Michel
245 0 _aRebeyrolle:
264 _bGalerie Lelong
942 _cLIB
999 _c20632
_d20632